Principles of Economics/ (Record no. 36012)

MARC details
000 -LEADER
fixed length control field 00492nam a22001817a 4500
005 - DATE AND TIME OF LATEST TRANSACTION
control field 20240702110234.0
008 - FIXED-LENGTH DATA ELEMENTS--GENERAL INFORMATION
fixed length control field 240702b |||||||| |||| 00| 0 eng d
020 ## - INTERNATIONAL STANDARD BOOK NUMBER
ISBN 0-03-025951-7
082 ## - DEWEY DECIMAL CLASSIFICATION NUMBER
Classification number 330
Item number MAN-P
100 ## - MAIN ENTRY--AUTHOR
Author Name Mankiw,Gregory .N
245 ## - TITLE STATEMENT
Title Principles of Economics/
Statement of responsibility, etc. N.Gregory Mankiw
250 ## - EDITION STATEMENT
Edition statement 2nd ed.
260 ## - PUBLICATION, DISTRIBUTION, ETC.
Place of Publication USA;
Name of publisher, distributor, etc. Harcourt College Publishers;
Date of publication, distribution, etc. 1998
300 ## - PHYSICAL DESCRIPTION
Pages xlviii, 837 p.:
500 ## - GENERAL NOTE
General note Include index
650 ## - SUBJECT ADDED ENTRY--TOPICAL TERM
Subject / Department Economics
300 ## - PHYSICAL DESCRIPTION
-- ill;
-- 26 cm.
952 ## - LOCATION AND ITEM INFORMATION (KOHA)
-- 0
-- 0
Holdings
Lost status Damaged status Collection code Permanent Location Current Location Shelving Location Date acquired Full Call Number Accession No./Barcode Date last seen item type Koha item type
    Economics/Commerce Superior Information Resource Center (SIRC) Superior University - City Campus Superior Information Resource Center (SIRC) Superior University - City Campus Economics 07/02/2024 330 MAN-P 1998 8461 07/02/2024 BOOK BOOK

Powered by Koha